[Event "Endspiel 04/2024, Nr.1"]
[Site "Bundesliga 2023-24"]
[Date "2024.02.23"]
[Round "9.27"]
[White "Gustafsson, Jan"]
[Black "Duda, Jan-Krzysztof"]
[Result "0-1"]
[WhiteElo "2620"]
[BlackElo "2726"]
[PlyCount "100"]
[EventDate "2023.10.20"]
[EventType "team-tourn"]
[EventCountry "GER"]
[SourceTitle "playchess.com"]
[Source "ChessBase"]
[SourceQuality "1"]

1. d4 d5 2. c4 dxc4 3. Nf3 Nf6 4. e3 e6 5. Bxc4 c5 6. O-O a6 7. b3 Nbd7 8. Bb2 Be7 9. dxc5 Bxc5 10. Nbd2 b6 11. Be2 (11. Nd4 Bb7 12. Be2 O-O 13. Bf3 Nd5 14. Rc1 Rc8 15. a3 Be7 16. Rxc8 Qxc8 17. Nc4 Qc7 18. Nf5 Bf6 (18... exf5 19. Bxd5) 19. Bxf6 N7xf6 20. Nd4 b5 21. Nd2 Nc3 22. Qc1 Rc8 23. Bxb7 Qxb7 24. Qb2 e5 25. N4f3 Qd5 26. Nc4 Qd3 27. Ncd2 Ne2+ 28. Kh1 e4 29. Ng5 Rc2 30. Qe5 Rxd2) 11... Bb7 12. Nc4 O-O 13. Nfe5 Nxe5 14. Bxe5 (14. Nxe5 Qe7 15. Bf3 Rfd8 16. Qe2) 14... b5 15. Nb2 Ne4 16. Nd3 Bb6 17. Rc1 Qd5 18. Bf3 Rad8 19. Bc7 Bxc7 20. Rxc7 Ba8 21. Qc1 (21. Nf4 Qg5) 21... Qxd3 22. Rd1 Nd2 23. Bxa8 Nxb3 24. Rxd3 Nxc1 25. Rxd8 Rxd8 26. Rxc1 Rxa8 27. Kf1 Kf8 28. Rc7 b4 29. Ke2 a5 30. e4 g5 31. Kd3 Kg7 32. f3 h5 33. g3 h4 34. Rc5 Kf6 35. Rb5 h3 36. Ke3 Rc8 37. e5+ Kg6 38. Rxa5 Rc2 39. Ra4 Rxh2 40. Rxb4 Rg2 (40... Rxa2 41. Rb8 h2 42. Rh8 Kf5) 41. Rb1 Rxg3 42. a4 Kf5 43. a5 g4 44. Ra1 Rxf3+ 45. Ke2 h2 46. a6 Ra3 47. Rxa3 h1=Q 48. a7 Qa8 49. Ra5 g3 50. Kf1 Qf3+ 0-1

[Event "?"]
[Site "?"]
[Date "2024.02.23"]
[Round "9.2"]
[White "Socko, Bartosz"]
[Black "Krawczyk, Flawian"]
[Result "1-0"]
[WhiteElo "2549"]
[BlackElo "2321"]
[PlyCount "93"]
[SourceVersionDate "2004.04.16"]

1. e4 c6 2. d4 d5 3. exd5 cxd5 4. Bd3 Nf6 5. c3 Nc6 6. Bf4 Bg4 7. Qb3 Qd7 8. Nd2 e6 9. Ngf3 Bd6 10. Bxd6 Qxd6 11. O-O O-O 12. Rfe1 Nd7 (12... Qc7 13. Qc2 Bxf3 14. Nxf3 Rfc8) 13. Re3 f6 (13... Rfc8) 14. Rae1 Rfe8 15. Nf1 Bh5 16. Ng3 Bf7 17. h4 g6 18. h5 e5 19. dxe5 Ncxe5 (19... fxe5 20. Ng5) 20. Qd1 Nxf3+ 21. Qxf3 Ne5 22. Qf4 Nc4 23. Rxe8+ Rxe8 24. Rxe8+ Bxe8 25. Qd4 (25. Qxd6 Nxd6) 25... Nxb2 (25... Qe5 26. Qxa7 Nxb2 27. Bf1) 26. Ne4 Qb6 27. Nxf6+ (27. Qxd5+ Kf8 28. Bf1) 27... Kf7 28. hxg6+ hxg6 29. Nxe8 Qxd4 30. Bxg6+ Kxg6 31. cxd4 Nd3 32. Nd6 Nc1 33. a4 b6 (33... Ne2+ 34. Kf1 Nxd4 35. Nxb7 Ne6) 34. Nc8 Ne2+ 35. Kf1 Nc3 36. Nxa7 Nxa4 37. Nb5 Kf5 38. Ke2 Nb2 39. f3 Kf4 40. Nc3 Kg3 41. Nxd5 Nc4 42. Kd3 b5 43. Nc3 Kxg2 44. Nxb5 Nb6 45. Ke4 Kg3 46. Nd6 Kf2 47. f4 1-0

[Event "?"]
[Site "?"]
[Date "2024.02.22"]
[Round "8.1"]
[White "Stribuk, Artiom"]
[Black "Socko, Bartosz"]
[Result "0-1"]
[WhiteElo "2403"]
[BlackElo "2549"]
[PlyCount "104"]
[SourceVersionDate "2004.04.16"]

1. c4 e5 2. g3 Nc6 3. Bg2 g6 4. Nc3 Bg7 5. e3 d6 6. d3 Nf6 7. Nge2 h5 8. h3 Be6 9. b4 Qd7 10. b5 Nd8 11. e4 (11. Rb1 a6 12. a4) 11... a6 12. b6 c6 13. Bg5 (13. Be3 O-O 14. f4) 13... O-O 14. Qd2 Nh7 15. Be3 f5 16. exf5 Bxf5 17. g4 (17. Rd1 Nf6 18. Ne4) 17... hxg4 18. hxg4 Bxg4 19. O-O-O Nf6 20. f3 Be6 (20... Bh5) 21. Rdg1 d5 (21... Nh5) 22. Na4 (22. d4 dxc4 (22... Nf7 23. Bf1 Nd6 24. cxd5 Nxd5 25. Bh6 Bf5 26. Ng3 exd4 27. Nce4 Rf7) 23. Bf1 Bf5 24. Ng3 Nf7 25. Nxf5 Qxf5 26. Bh3 Qd3 27. Qxd3 cxd3 28. Rxg6) 22... Qe7 23. Bc5 Qf7 24. Bh3 (24. Bxf8 Qxf8 25. Bh3 Bf7) (24. f4 e4 25. dxe4 dxe4 26. Bh3 Bxh3 (26... Re8 27. f5) 27. Bxf8 Qxf8 28. Rxh3) 24... Re8 25. Be3 Nh5 26. Bh6 Nf4 (26... Bxh3 27. Bxg7 Kxg7 28. Rxh3 Qf5) 27. Bxg7 Kxg7 28. Nxf4 Qxf4 29. Qxf4 exf4 30. Nc5 Bxh3 31. Rxh3 Ne6 32. Nxe6+ Rxe6 33. Rgh1 dxc4 34. Rh7+ Kf6 35. dxc4 (35. Rxb7 cxd3 36. Rc7 Rb8 37. b7 Re2 38. Rhh7 Rc2+ 39. Kb1 Rc5 40. Rhd7) 35... Rb8 36. R1h4 Ke5 37. Rd7 Rd6 38. Re7+ Kd4 39. Rxf4+ Kd3 40. a4 (40. c5 Rd5 41. Kb2 Rxc5 42. a4 a5 43. Rfe4) 40... c5 41. a5 Kc3 42. Rfe4 Rbd8 43. Re1 R8d7 44. Rxd7 Rxd7 45. Re6 Kxc4 46. Rxg6 Kb4 47. Rg5 c4 48. f4 c3 49. f5 Rd5 50. Kc2 Rd2+ 51. Kc1 Kb3 52. Rg7 Rf2 0-1

[Event "Graz Open"]
[Site "?"]
[Date "2024.02.23"]
[Round "9.15"]
[White "Brilej Jaka"]
[Black "Wendl Philipp"]
[Result "0-1"]
[WhiteElo "2320"]
[BlackElo "2230"]
[PlyCount "86"]
[SourceVersionDate "2004.04.16"]

1. d4 e6 2. Nf3 Nf6 3. e3 b6 4. Bd3 Bb7 5. O-O c5 6. b3 cxd4 7. exd4 d5 8. Bb2 Be7 9. Nbd2 O-O 10. Qe2 Nc6 11. a3 Rc8 12. Ne5 Nxe5 13. dxe5 Nd7 (13... Ne4 14. Nxe4 dxe4 15. Bxe4 Bxe4 16. Qxe4 Qd2 17. Rac1 Rfd8) 14. b4 a5 15. Qg4 Qc7 16. Nf3 Ra8 (16... d4 17. Qxd4 (17. Bxd4 Bxf3 18. Qxf3 Nxe5 19. Bxh7+ Kxh7 20. Qh5+ Kg8 21. Bxe5 Qxc2) 17... Rfd8 18. Qf4 Bxf3 19. gxf3 f5) 17. h4 Ba6 (17... axb4 18. axb4 h6) 18. b5 Bc8 19. h5 Nc5 (19... h6) 20. h6 g6 21. a4 Bd7 (21... f5 22. exf6 Bxf6) 22. Rfe1 Rfc8 23. Nd4 Qd8 24. Bc1 Nxd3 25. cxd3 Rc3 26. Bb2 Rc7 27. Ba3 Bxa3 28. Rxa3 Qf8 29. Ra2 (29. Raa1 Qxh6 30. Nf3) 29... Qxh6 30. f4 (30. Nf3) 30... Rac8 31. Qf3 Rc1 32. Ra1 Rxe1+ 33. Rxe1 Qf8 34. Qe3 Qb4 35. g4 Rc3 36. Kf2 Qa3 37. Ne2 (37. Rd1) 37... Rxd3 38. Qxb6 Be8 39. Rc1 Rf3+ 40. Kg2 Qd3 41. Re1 Re3 42. Kf2 Rh3 43. Kg1 Qf3 0-1

[Event "30.Open Graz"]
[Site "Graz"]
[Date "2024.03.10"]
[Round "?"]
[White "Lochte, Thomas"]
[Black "Myagmasuren, M."]
[Result "0-1"]
[WhiteElo "1949"]
[BlackElo "2081"]
[PlyCount "97"]
[EventDate "2024.??.??"]
[EventCountry "AUT"]
[SourceVersionDate "2004.04.16"]

1. e4 e5 2. Nf3 Nc6 3. d4 exd4 4. Bc4 Bc5 5. Ng5 Nh6 6. Nxf7 Bb4+ 7. c3 Nxf7 8. Bxf7+ Kxf7 9. Qh5+ g6 10. Qd5+ Kg7 11. cxb4 Qg8 12. Bf4 (12. a3) 12... Qxd5 13. exd5 Re8+ 14. Kd2 Nxb4 15. Bxc7 b6 16. Na3 Ba6 17. Rhe1 Nd3 18. Rxe8 Rxe8 19. b3 Nxf2 20. Nc4 Ne4+ 21. Kd3 Nc5+ 22. Kxd4 Re4+ 23. Kc3 b5 24. Be5+ Kg8 25. Bd4 Nb7 26. Kd3 Rh4 (26... Rxd4+ 27. Kxd4 bxc4 28. bxc4) 27. Ne5 b4+ 28. Nc4 (28. Ke3 Nd6) 28... Rxh2 29. a3 Bb5 30. axb4 a6 31. Re1 Rxg2 32. Re8+ Kf7 33. Rh8 Rh2 34. Be5 Rh3+ 35. Kc2 Ke7 36. Rb8 Bxc4 37. bxc4 Nd6 38. c5 (38. Bxd6+ Kxd6 39. Rb6+ Ke5 40. Rxa6 Kd4) 38... Nc4 39. Bd4 Na3+ 40. Kd2 Nb5 41. Be3 Rh5 42. d6+ Ke6 43. Re8+ Kd5 44. Kd3 Rh4 45. Re7 Rxb4 46. Rxd7 Rb3+ 47. Kd2 Na3 48. Rxh7 Nc4+ 49. Kc2 {in der Erwartung, nach 49. …Txe3 (Tb8 =) mit 50. d7 den ganzen Punkt einzufahren. Doch ehe es ihm dämmerte, dass nach 50. …Te2+ auch nicht mehr als Dauerschach drin wäre, reklamierte Schwarz plötzlich Zeitüberschreitung! Der Weiße, immerhin mit 52 Jahren Turnierschacherfahrung auf dem Buckel, hatte nicht mitbekommen, dass es nach dem 40.Zug einfach keine „30 Minuten für den Rest der Partie“ mehr gab – wie peinlich …} (49. Kc2 Rxe3 (49... Rb8) 50. d7 Re2+ 51. Kc3 Re3+ 52. Kb4 a5+ 53. Kb5 Rb3+ 54. Ka6 Rb8) 0-1

[Event "30.Open Graz"]
[Site "Graz"]
[Date "2024.??.??"]
[Round "?"]
[White "Mika, T."]
[Black "Lochte, Thomas"]
[Result "1-0"]
[WhiteElo "2130"]
[BlackElo "1949"]
[PlyCount "14"]
[EventDate "2024.??.??"]
[EventCountry "AUT"]
[SourceVersionDate "2004.04.16"]

1. d4 Nf6 2. Bf4 e6 3. Nf3 b6 4. e3 Nh5 5. Bg5 Be7 6. Ne5 Nf6 (6... Bxg5 7. Qf3 f6 (7... Bf6 8. Qxa8 Bxe5 9. dxe5) 8. Qxh5+ g6 9. Nxg6) 7. Qf3 c6 (7... d5 8. Bb5+ Nbd7 (8... Nfd7 9. Qxf7#) (8... Bd7 9. Bxf6 Bxb5 (9... Bxf6 10. Nxd7 Nxd7 11. Bc6) 10. Bxg7) 9. Nc6) 1-0

[Event "Schlamassel 04/2024, Nr.1"]
[Site "Bundesliga 8990"]
[Date "1989.??.??"]
[Round "?.5"]
[White "Pirrot, Dieter"]
[Black "Hertneck, Gerald"]
[Result "0-1"]
[WhiteElo "2355"]
[BlackElo "2475"]
[PlyCount "42"]
[EventDate "1989.10.??"]
[EventType "team-tourn"]
[EventRounds "15"]
[EventCountry "GER"]
[SourceTitle "CT-4698"]
[Source "Chess Today"]
[SourceDate "2013.09.18"]
[SourceVersion "1"]
[SourceVersionDate "2013.09.18"]
[SourceQuality "1"]
[WhiteTeam "Heidelberg"]
[BlackTeam "Bayern Muenchen"]
[WhiteTeamCountry "GER"]
[BlackTeamCountry "GER"]

1. e4 e6 2. d4 d5 3. Nd2 Nf6 4. e5 Nfd7 5. Bd3 c5 6. c3 Nc6 7. Ne2 cxd4 8. cxd4 f6 9. Nf4 Nxd4 10. Qh5+ Ke7 11. exf6+ Nxf6 12. Ng6+ hxg6 13. Qxh8 Kf7 14. O-O e5 15. Nf3 Nxf3+ 16. gxf3 Nh5 17. Bxg6+ Kxg6 18. Kh1 Qh4 19. Qxf8 Kh7 20. Rg1 Qxf2 21. Qf7 Bg4 (21... Bg4 22. Rxg4 Qf1+ 23. Rg1 Ng3+ 24. hxg3 Qh3#) 0-1

[Event "Schlamassel 04/2024, Nr.3"]
[Site "Breisacher Memorial Playoff, B"]
[Date "2013.08.02"]
[Round "2.1"]
[White "Vachier-Lagrave, Maxime"]
[Black "Moiseenko, Alexander"]
[Result "1-0"]
[WhiteElo "2719"]
[BlackElo "2699"]
[PlyCount "45"]
[EventDate "2013.08.02"]
[SourceTitle "CT-4651"]
[Source "Chess Today"]
[SourceDate "2013.08.02"]
[SourceVersion "1"]
[SourceVersionDate "2013.08.02"]
[SourceQuality "1"]

1. e4 c5 2. Nf3 Nc6 3. c3 d5 4. exd5 Qxd5 5. d4 Bf5 6. Be3 Nf6 7. Na3 cxd4 8. Bc4 Qa5 9. Nxd4 Nxd4 10. Bxd4 e5 11. Bb5+ Bd7 12. Bxd7+ Nxd7 13. Nc4 Qd5 14. Qe2 Be7 15. Nxe5 Nxe5 16. Qxe5 Qxg2 17. Qb5+ Kf8 18. O-O-O Qg5+ 19. Qxg5 Bxg5+ 20. Kc2 Be7 21. Rhe1 f6 22. Bxa7 (22. Bxa7 Rxa7 23. Rd7 Bc5 24. Rd8+ Kf7 25. Rxh8) 22... Rd8 23. Bc5 (23. Bc5 Rxd1 24. Bxe7+ Kf7 25. Kxd1) (23. Bc5 Re8 24. Bxe7+ Rxe7 25. Rd8+) 1-0

[Event "Schlamassel 04/2024, Nr.6"]
[Site "Cattolica op"]
[Date "1994.??.??"]
[Round "?"]
[White "Dvoirys, Semen I"]
[Black "Sermek, Drazen"]
[Result "1-0"]
[WhiteElo "2550"]
[BlackElo "2520"]
[PlyCount "39"]
[EventDate "1994.??.??"]
[EventType "swiss"]
[EventRounds "9"]
[EventCountry "ITA"]
[SourceTitle "CT-4743"]
[Source "Chess Today"]
[SourceDate "2013.11.02"]
[SourceVersion "1"]
[SourceVersionDate "2013.11.02"]
[SourceQuality "1"]

1. e4 c5 2. Nf3 e6 3. d4 cxd4 4. Nxd4 Nf6 5. Nc3 Nc6 6. Ndb5 d6 7. Bf4 e5 8. Bg5 a6 9. Na3 b5 10. Bxf6 gxf6 11. Nd5 Bg7 12. c3 f5 13. exf5 Bxf5 14. Nc2 Be6 15. g3 O-O 16. Bg2 Rb8 17. Rg1 a5 18. Qh5 Qd7 19. Rd1 Kh8 20. Nf6 (20. Nf6 Bxf6 21. Be4 Bf5 22. Bxf5 Qxf5 23. Qxf5) 1-0

[Event "SPICE Cup Open 2013"]
[Site "St Louis USA"]
[Date "2013.10.17"]
[Round "5.4"]
[White "Robson, Ray"]
[Black "Troff, Kayden"]
[Result "0-1"]
[WhiteElo "2628"]
[BlackElo "2431"]
[PlyCount "72"]
[EventDate "2013.10.15"]
[EventType "swiss"]
[EventRounds "9"]
[EventCountry "USA"]
[SourceTitle "CT-4748"]
[Source "Chess Today"]

1. e4 c5 2. Nf3 d6 3. d4 cxd4 4. Nxd4 Nf6 5. Nc3 a6 6. Bg5 e6 7. f4 Qb6 8. Qd3 (8. Qd2) (8. Nb3) 8... Qxb2 9. Rb1 Qa3 10. f5 Be7 11. fxe6 fxe6 12. Be2 Qa5 13. Bd2 Qc7 14. g4 h6 15. Qh3 O-O 16. g5 hxg5 17. Nxe6 Qc6 18. Qf5 Nxe4 (18... Re8 19. Nd5 Bd8 20. Nxd8 Bxf5 21. Nxf6+ gxf6 22. Nxc6 Rxe4 23. Nxb8 Bg4 24. O-O Rxe2 25. Rxb7 Bc8 26. Rb6 Rxd2 27. Rxf6 Kg7 28. Rf2 Rd1+ 29. Rf1 Rd2 30. Rf2 Rd1+ 31. Rf1 Rd2 32. Rf2) 19. Qg6 Bf6 20. Bf3 d5 21. Bxe4 Bxe6 22. Qh7+ Kf7 23. O-O Nd7 (23... Ke8) 24. Rxf6+ Nxf6 25. Bg6+ Ke7 26. Qxg7+ Kd6 27. Nb5+ axb5 28. Bb4+ Ke5 29. Re1+ Kd4 30. c3+ (30. Bxf8 Rxf8 31. Qxf8 Ne4 32. Bxe4 dxe4 33. c3+) 30... Kc4 31. Rd1 Qb6+ (31... Qb6+ 32. Rd4+ Qxd4+ 33. cxd4 Kxb4 34. Qe7+ Ka5 35. Qa3+ Kb6 36. Qc5+ Ka6 37. Qa3+) 32. Kh1 Rxa2 33. Rd4+ Kb3 34. Bxf8 Bh3 35. Bb1 Re2 36. Kg1 Kxc3 0-1

[Event "86th Tata Steel Masters"]
[Site "Wijk aan Zee NED"]
[Date "2024.01.27"]
[Round "12.2"]
[White "Firouzja, Alireza"]
[Black "Nepomniachtchi, I."]
[Result "1-0"]
[WhiteElo "2759"]
[BlackElo "2769"]
[PlyCount "55"]
[EventDate "2024.01.13"]
[EventType "tourn"]
[EventRounds "13"]
[EventCountry "NED"]
[EventCategory "19"]
[SourceTitle "The Week in Chess 1525"]
[Source "Mark Crowther"]
[SourceDate "2024.01.29"]
[SourceVersion "1"]
[SourceVersionDate "2024.01.29"]
[SourceQuality "2"]

1. Nc3 Nf6 2. d4 d5 3. Bf4 c5 4. e3 cxd4 5. exd4 a6 6. Nf3 Bg4 7. h3 Bxf3 8. Qxf3 Nc6 9. O-O-O e6 10. g4 Bd6 11. Be3 Qa5 12. Kb1 Nb4 13. Bc1 Rc8 14. a3 Nc6 15. g5 Nd7 16. h4 Qb6 17. Bh3 Nxd4 18. Qe3 Be5 19. f4 Rxc3 20. Qxc3 Nb5 21. Qf3 Bd4 22. Ka2 g6 23. h5 Nc5 24. Bf1 Ne4 25. Bxb5+ axb5 26. hxg6 fxg6 27. Rhe1 Rf8 (27... Bg7 28. Rxe4 dxe4 29. Qxe4) 28. Qd3 (28. Qd3 Bc5 29. Rxe4) 1-0

[Event "Prague Festival Masters 2024"]
[Site "Prague"]
[Date "2024.03.02"]
[Round "5.3"]
[White "Bartel, Mateusz"]
[Black "Abdusattorov, Nodirbek"]
[Result "0-1"]
[WhiteElo "2657"]
[BlackElo "2727"]
[PlyCount "56"]
[EventDate "2024.??.??"]
[SourceTitle "playchess.com"]
[Source "ChessBase"]
[SourceQuality "1"]

1. e4 c5 2. Nf3 Nc6 3. Nc3 g6 4. d4 cxd4 5. Nxd4 Bg7 6. Be3 Nf6 7. Bc4 O-O 8. Bb3 d6 9. h3 (9. f3) 9... Bd7 10. O-O Na5 11. Qd3 (11. Qd2) 11... a6 12. Rfe1 Rc8 13. Rad1 b5 14. Bg5 Re8 15. Nd5 Nxd5 16. exd5 Nc4 17. Bxc4 bxc4 18. Qe3 Qa5 19. Qe4 Qxa2 20. Qh4 Qxb2 21. Bxe7 h6 22. Qf4 Ba4 (22... Be5 23. Rxe5 dxe5 24. Qxe5) 23. Nc6 Bxc6 24. dxc6 Rxc6 25. Bxd6 Rxe1+ 26. Rxe1 Qxc2 27. g4 Rc8 28. Qf3 Qb3 0-1

[Event "Prague Festival Masters 2024"]
[Site "Prague"]
[Date "2024.02.27"]
[Round "1.3"]
[White "Abdusattorov, Nodirbek"]
[Black "Nguyen, Thai Dai Van"]
[Result "1-0"]
[WhiteElo "2727"]
[BlackElo "2632"]
[PlyCount "81"]
[EventDate "2024.??.??"]
[SourceVersionDate "2004.04.16"]

1. d4 Nf6 2. c4 e6 3. Nf3 d5 4. g3 dxc4 5. Bg2 Bb4+ 6. Nbd2 b5 7. O-O Bb7 8. Nxc4 bxc4 9. Qa4+ Nc6 10. Qb5 Rb8 11. Ne5 O-O 12. Nxc6 Bxc6 13. Qxc6 Qxd4 14. Be3 Qxb2 15. Qxc4 Qc3 16. Rfc1 Qxc4 17. Rxc4 Ba5 18. Bxa7 Rb2 19. Bc5 Rfb8 20. Bf3 Nd7 21. Bd4 Rb1+ 22. Rc1 Rxa1 23. Bxa1 f6 24. Bc6 Nf8 25. a4 Kf7 26. Bd4 Ng6 27. Bb5 Ne7 28. Kg2 Nf5 29. Ba7 Ra8 30. Bc5 Nd6 31. Bd3 g6 32. Rb1 f5 33. Bxd6 cxd6 34. Rb7+ Kf6 35. Rxh7 Bb6 36. Bb5 Ra7 (36... Ba5 37. h4 Bb4) 37. Rxa7 Bxa7 38. a5 g5 39. h4 e5 (39... gxh4 40. gxh4 Kg6 41. f4 Kh5 42. Kf3 Kxh4 43. Bd7 Kh5 44. Bxe6 Kg6 45. e4 fxe4+ 46. Kxe4 Kf6 47. Kd5) 40. h5 g4 41. Bd7 (41. Bd7 Kg5 42. f4+ gxf3+ 43. exf3 Kxh5 44. Bxf5 Kg5 45. Be4 Kf6 46. Bd5 Kg5 47. Kf1) 1-0

[Event "Prague Festival Masters 2024"]
[Site "Prague"]
[Date "2024.02.29"]
[Round "3.3"]
[White "Abdusattorov, Nodirbek"]
[Black "Navara, David"]
[Result "1-0"]
[WhiteElo "2727"]
[BlackElo "2679"]
[PlyCount "71"]
[EventDate "2024.??.??"]
[SourceTitle "playchess.com"]
[Source "ChessBase"]
[SourceQuality "1"]

1. e4 e5 2. Nf3 Nc6 3. Bc4 Bc5 4. c3 Nf6 5. d3 d6 6. b4 Bb6 7. a4 a5 8. b5 Ne7 9. Nbd2 O-O 10. O-O Ng6 11. d4 exd4 12. cxd4 d5 13. exd5 Nxd5 14. Qb3 c6 15. Re1 Nb4 16. Ne4 cxb5 17. axb5 Bf5 18. Nfg5 Qd7 19. Ba3 Rad8 20. Bxb4 axb4 21. Nc5 Qc7 22. Rac1 Nf4 23. Bxf7+ Kh8 24. Qf3 h6 25. Nxb7 Ne2+ 26. Qxe2 Qxb7 27. Rc6 Bxd4 28. Kh1 Rxf7 (28... Bh7 29. Qh5 (29. Ne6 Qxf7 30. Nxf8 Rxf8 31. f3 b3) 29... Bxf2 30. Rec1 Be3 31. Ne6 Bxc1 32. Nxd8 Rxd8 33. Rxc1 Rd2 34. Rg1 Be4 35. Qg4 Rf2 36. Bb3 (36. Bc4 b3 37. Bxb3 Bxg2+ 38. Qxg2 (38. Rxg2 Rf1#) 38... Rxg2 39. Rxg2 Qxb5 40. Bc2 g5) 36... Bxg2+) 29. Rd6 Rc8 30. Nxf7+ Qxf7 31. Rxd4 b3 32. b6 Rc2 33. Qf3 b2 34. b7 Qf8 35. Rdd1 Rc5 36. Qb3 1-0

[Event "6th Prague Masters 2024"]
[Site "Prague CZE"]
[Date "2024.03.05"]
[Round "7.4"]
[White "Maghsoodloo, Parham"]
[Black "Vidit, S."]
[Result "1-0"]
[WhiteElo "2715"]
[BlackElo "2747"]
[PlyCount "63"]
[EventDate "2024.02.27"]
[EventType "tourn"]
[EventRounds "9"]
[EventCountry "CZE"]
[EventCategory "19"]
[SourceTitle "The Week in Chess 1531"]
[Source "Mark Crowther"]
[SourceDate "2024.03.11"]
[SourceVersion "1"]
[SourceVersionDate "2024.03.11"]
[SourceQuality "2"]

1. Nf3 d5 2. g3 Nf6 3. Bg2 e6 4. O-O Be7 5. c4 O-O 6. b3 c5 7. e3 Nc6 8. Bb2 d4 9. exd4 cxd4 10. Re1 Re8 11. d3 Bb4 12. Nbd2 e5 13. a3 Bd6 14. b4 Bf5 15. c5 Bc7 16. Nc4 a6 17. Qc2 Qd7 18. Rad1 Bg4 19. Rd2 Qf5 20. Nh4 Qh5 21. h3 Be6 22. Rde2 Bd5 23. Nd2 Bxg2 24. Kxg2 Nd5 25. Ndf3 Rad8 26. Qc4 Nf6 27. Bc1 (27. g4 Nxg4 28. hxg4 Qxg4+ 29. Kf1 Qh3+ 30. Kg1 Re6 31. Re4 h6 32. Nh2) 27... h6 28. Re4 Nxe4 29. Rxe4 g5 30. g4 Qxh4 31. Nxh4 gxh4 32. Bxh6 1-0

[Event "Prague Festival Challengers 2024"]
[Site "Prague"]
[Date "2024.02.28"]
[Round "2.2"]
[White "Gurel, Ediz"]
[Black "Vaishali, Rameshbabu"]
[Result "1-0"]
[WhiteElo "2560"]
[BlackElo "2481"]
[PlyCount "55"]
[EventDate "2024.??.??"]
[SourceVersionDate "2004.04.16"]

1. e4 c5 2. Nf3 e6 3. d4 cxd4 4. Nxd4 Nf6 5. Nc3 Nc6 6. Ndb5 d6 7. Bf4 e5 8. Bg5 a6 9. Na3 b5 10. Nd5 Be7 11. Bxf6 Bxf6 12. c3 Rb8 13. Nc2 Bg5 14. h4 Bh6 (14... Bxh4) 15. a4 bxa4 16. Ncb4 Nxb4 (16... Bd7) 17. Nxb4 Bd7 18. Qxd6 Rb6 (18... Be6 19. Qc6+ Bd7 20. Qc5 Qe7) 19. Qc5 Bg4 20. Nd5 Rxb2 (20... Rd6 21. Bxa6 O-O (21... Rxa6 22. Nc7+ Kd7 23. Nxa6) 22. Rxa4) 21. Bxa6 Bd2+ 22. Kf1 f6 23. h5 Kf7 24. Bc4 Be6 25. Nc7 Bxc4+ 26. Qxc4+ Ke7 27. Rxa4 Rb1+ (27... Re8 28. Ra7) 28. Ke2 (28. Ke2 Rxh1 29. Qe6+ Kf8 30. Ra8 Qxa8 31. Nxa8 g6 32. h6 Bxh6 33. Nc7 Kg7 34. Qe7+ Kg8 35. Ne8) 1-0

[Event "6th Prague Challengers"]
[Site "Prague CZE"]
[Date "2024.03.07"]
[Round "9.1"]
[White "Korobov, A."]
[Black "Gurel, Ediz"]
[Result "0-1"]
[WhiteElo "2666"]
[BlackElo "2560"]
[PlyCount "126"]
[EventDate "2024.02.27"]
[EventType "tourn"]
[EventRounds "9"]
[EventCountry "CZE"]
[EventCategory "12"]
[SourceTitle "The Week in Chess 1531"]
[Source "Mark Crowther"]
[SourceDate "2024.03.11"]
[SourceVersion "1"]
[SourceVersionDate "2024.03.11"]
[SourceQuality "2"]

1. f4 d5 2. Nf3 c5 3. g3 Nc6 4. Bg2 g6 5. O-O Bg7 6. d3 Nf6 7. Qe1 d4 8. c3 O-O 9. Na3 Be6 10. Bd2 Qd7 11. Ng5 Bf5 12. Nc4 h6 13. Nf3 Bh3 14. Nce5 Nxe5 15. fxe5 dxc3 16. bxc3 Nd5 17. Bxh3 Qxh3 18. Qf2 Rac8 19. c4 Nb6 20. Rab1 Rc7 21. Ba5 Qe6 22. Rb5 Rfc8 23. h4 Rc6 24. Kg2 a6 25. Rb3 Nd7 26. d4 cxd4 27. Nxd4 Qxc4 28. e6 Qd5+ 29. Qf3 (29. e4 Qxe4+ 30. Kh3 Nc5 31. exf7+ Kh7 32. Nxc6 Nxb3 33. Bd8 Qe6+ 34. g4 Bf8 35. Bxe7 bxc6 36. Bxf8 Rxf8 37. axb3 Qxb3+ 38. Kh2 Qe6 39. Qf6 Qxf6 40. Rxf6) 29... Qxd4 30. exd7 Qxd7 31. Qxf7+ Kh7 32. Rd3 Qe6 33. Rf2 Qe4+ 34. Qf3 Qa4 35. Bd8 Qxa2 36. Bxe7 Qe6 37. Bb4 h5 38. Re3 Qc4 39. Re4 Qd5 40. Re7 Qxf3+ 41. Rxf3 R8c7 42. Rff7 Rxe7 43. Rxe7 b5 44. Ra7 Kg8 45. Ra8+ Kf7 46. Ra7+ Kf6 47. Kf3 Bh6 48. e3 g5 49. Be7+ Kg6 50. Ke4 gxh4 51. Bxh4 Re6+ 52. Kd5 Bxe3 53. Ra8 Kf7 54. Rd8 Rb6 55. Ke4 Bh6 56. Kf5 Rb7 57. Rd6 Bg7 58. Bf6 (58. Rxa6 b4) 58... b4 59. Bxg7 Kxg7 60. Rg6+ Kh7 61. Rxa6 b3 62. Ra1 b2 63. Rb1 Kg7 0-1

[Event "Mitropa Cup Open 2024"]
[Site "Apolda"]
[Date "2024.02.17"]
[Round "3.1"]
[White "Bluebaum, Matthias"]
[Black "Georgiadis, Nico"]
[Result "1-0"]
[WhiteElo "2655"]
[BlackElo "2547"]
[PlyCount "109"]
[EventDate "2024.??.??"]
[SourceVersionDate "2004.04.16"]

1. d4 Nf6 2. c4 e6 3. Nf3 d5 4. g3 Bb4+ 5. Bd2 Be7 6. Bg2 O-O 7. Qc2 c6 8. h4 Nbd7 9. Nc3 dxc4 10. Rd1 Nd5 11. Ne4 c5 12. Neg5 N5f6 13. Bc3 Qc7 14. dxc5 Re8 15. Nxf7 Kxf7 16. Ng5+ Kg8 17. Nxe6 Qb8 18. Ng5 Nf8 19. Bd4 Be6 20. Nxe6 Nxe6 21. Qxc4 Qc8 22. Bh3 Bf8 23. Bxf6 gxf6 24. O-O Kh8 25. b4 b5 26. Qxb5 Rb8 27. Qc4 Qc6 28. Rd3 a5 29. a3 axb4 30. axb4 Ng7 31. Bd7 Re4 32. Rd4 Rxd4 33. Qxd4 Qc7 34. Rd1 Be7 35. Qe4 Qe5 36. Qc4 f5 37. Rd5 Qb2 38. b5 Ra8 39. Rd1 Ra1 40. Rxa1 Qxa1+ 41. Kg2 Qe5 42. c6 (42. b6 Qxc5 43. Qf7 h5 (43... Bd6 44. h5 h6 45. b7 Qe5 46. Bc6 Qe6 47. Bd5 Qxf7 48. Bxf7 f4 49. g4 Nxh5 50. Bxh5) 44. b7 Bd6 45. e3 Qe5 46. Bc6 Bb8 47. f4 Qd6 48. Bd5 Qd8 49. e4 fxe4 50. f5) 42... Bd8 43. Qf7 Qc5 44. h5 Bb6 45. e3 h6 46. Be6 Nxe6 47. Qxe6 Qxb5 48. Qxh6+ (48. Qc8+ Kg7 49. Qb7+ Kf6 50. c7) 48... Kg8 49. Qg6+ Kh8 50. Qh6+ Kg8 51. Qe6+ Kh7 (51... Kg7 52. Qg6+ Kh8 53. Qd6 Kg7 54. c7 Bxc7 55. Qxc7+ Kh6 56. Qf7 Qc6+ 57. f3 Qc2+ 58. Kh3) 52. c7 Bxc7 53. Qf7+ Kh8 54. Qxc7 Qd5+ 55. Kh2 (55. Kh2 Qf3 56. Qf4 Qxh5+ 57. Qh4) 1-0

[Event "Mitropa Cup 2024 MITROPA Bericht"]
[Site "Apolda"]
[Date "2024.02.20"]
[Round "6.20"]
[White "Svane, Frederik"]
[Black "Decuigniere, Tom"]
[Result "1-0"]
[WhiteElo "2625"]
[BlackElo "2401"]
[PlyCount "91"]
[EventDate "2024.??.??"]
[SourceVersionDate "2004.04.16"]

1. e4 c5 2. Nf3 d6 3. Bb5+ Bd7 4. c4 e5 5. Bxd7+ Qxd7 6. Nc3 Nc6 7. d3 Be7 8. O-O Bd8 9. h3 Nge7 10. Nh4 h6 11. Qg4 g5 12. Nf5 Nxf5 13. Qxf5 Nd4 14. Qxd7+ Kxd7 15. Rb1 h5 16. Nd5 g4 17. Kh2 Rg8 18. Be3 gxh3 19. Kxh3 Be7 20. b4 b6 21. Bxd4 cxd4 22. g3 Rg7 23. Rb3 f5 24. exf5 Rf7 25. Ra3 Bd8 26. g4 hxg4+ 27. Kxg4 Kc6 28. f4 (28. b5+ Kb7 29. Rh1) 28... Bh4 29. Kf3 (29. Kxh4 Rg8) 29... exf4 30. Kxf4 Re8 31. Rh1 Be1 (31... Rh8 32. Ke4 Re8+ 33. Kxd4) 32. f6 Re5 33. b5+ Kc5 (33... Kb7 34. Kg4 Bd2 35. Rh5 Bc1 36. Ra6 Re8 37. Kf5 Rd7 38. Nb4) 34. Rh8 Bd2+ 35. Kf3 Rxd5 36. Rc8+ Kb4 37. Rb3+ Ka4 38. cxd5 Rxf6+ 39. Ke2 Bc3 40. Rc4+ Ka5 41. Rc7 (41. Ra3+ Kxb5 42. Rxa7) 41... Ka4 42. Rxa7+ Ba5 43. Rc7 Bc3 44. Rc4+ Ka5 45. Ra3+ Kxb5 46. Ra8 (46. Ra8 Rf7 47. a4#) 1-0